Children and counselling

Bibliographic Details
Main Author: Crompton, Margaret , 1941- (Author)
Format: Book
Published: London : E. Arnold , 1992
Subjects:

MARC

LEADER 00000cam a2200000 7i4500
001 0000007037
005 20170202093000.0
008 021119n
020 |a 0340554355 
090 0 0 |a HV713   |b .C76 1992 
100 0 |a Crompton, Margaret ,   |d 1941- ,   |e author 
245 0 0 |a Children and counselling   |c Margaret Crompton 
260 2 |a London :   |b E. Arnold ,   |c 1992 
300 |a xii, 243 p. ; ;   |c 22 cm. 
650 0 |a Child psychotheraphy 
650 0 |a Children   |x Counseling of 
999 |a 1000027461   |b Book   |c OPEN SHELF (30 DAYS)   |e Gong Badak Campus